Oeuvres complétes de Voltaire

Guardat en:
Dades bibliogràfiques
Autor principal: Voltaire (Autor)
Format: Llibre
Idioma:francès
Publicat: París Chez Alexandre Houssiaux 1853
Matèries:
Etiquetes: Afegir etiqueta
Sense etiquetes, Sigues el primer a etiquetar aquest registre!

MARC

LEADER 00000nam a2200000 a 4500
001 UCZ3866
003 CL-VaPUC
008 951027e18530000FR |||||||||||||||||fre|d
082 0 4 |a 194  |b VOL  |2 21 
100 0 |a Voltaire  |e author  |9 314050 
245 1 0 |a Oeuvres complétes de Voltaire 
300 |a v 
942 |c BK 
945 |d 19951027 00:00:00  |a cmena 
260 |a París  |b Chez Alexandre Houssiaux  |c 1853 
500 |a v.7: Dictionnaire philosophique, I 
650 0 |a Filosofía francesa   |9 255698 
650 0 |a Antologías  |9 309836 
650 0 |a Diccionarios  |9 256200 
650 0 |a Glosarios  |9 261047 
583 |a last modification  |c 19951027 00:00:00  |k Rodrigo Vera 
999 |c 240312  |d 240310 
952 |0 0  |1 0  |4 0  |6 194_000000000000000_VOL_1853  |7 0  |8 P  |9 252140  |a BIBEDU  |b BIBEDU  |c BIBEDU_PB  |d 2019-11-18  |h v.7  |i 1591223  |o 194 VOL 1853  |p 1591223  |r 2024-01-25  |w 2019-11-18  |y BK  |k FIL